000 01328cam a2200241 4500
001 ##L132861
008 060314n2006 000 0 eng u
035 _a(Sirsi) u132861
041 0 _aeng
050 0 4 _a627.1 $2 18
110 2 _aEngland and Wales
_bEnvironment Agency
_92469
245 0 4 _aThe water framework directive advice and planning
_binitial advice to planning authorities in England and Wales
260 _aLondon
_bEnvironment Agency
_c2006
520 _aProvides initial guidance to English and Welsh planning authorities on the water framework directive and its impact on spatial planning. The directive aims to build on progress in water quality improvement and to consistently achieve new and higher standards for the water environment across the EU. The directive was transposed into English and Welsh law in December 2003.
590 _aIKA140306
650 2 4 _aDIRECTIVE 2000/60/EC
690 _aENVIRONMENTAL AND LAND CONSULTANCY-WATER RESOURCE MANAGEMENT
710 2 _aEngland and Wales
_bLocal Government Association
_93545
710 2 _aRoyal Town Planning Institute
_91206
710 2 _aWelsh Local Government Association
_94409
856 4 0 _uhttps://publications.environment-agency.gov.uk/PDF/GEHO0306BKJL-E-E.pdf
_zView the item free of charge at Environment Agency publications
942 _n0
999 _c105261
_d105261